Statistics for F1 Podiums 1974

Click here to take the quiz!

General Stats

  • This quiz has been taken 118 times
  • The average score is 10 of 14

Answer Stats

Answer% Correct
Emerson Fittipaldi
98%
Niki Lauda
96%
James Hunt
94%
Clay Regazzoni
85%
Carlos Reutemann
83%
Jody Scheckter
79%
Ronnie Peterson
77%
Jacky Ickx
69%
Patrick Depailler
67%
Denny Hulme
65%
Carlos Pace
63%
Jean-Pierre Jarier
58%
Jean-Pierre Beltoise
54%
Mike Hailwood
27%

Score Distribution

Percentile by Number Answered

Percent of People with Each Score

Your Score History

You have not taken this quiz